[Event "OP-2012-0-02177"]
[Site "LSS email"]
[Date "2012.05.02"]
[Round "?"]
[White "Vontina, Maria"]
[Black "Zarrouk, Roustan"]
[Result "1-0"]
[WhiteElo "819"]
[BlackElo "306"]
[PlyCount "55"]
[EventDate "2012.04.29"]
[EventType "tourn (corr)"]
[EventRounds "4"]
[EventCountry "GER"]
[SourceTitle "Telechess CBM 155"]
[Source "ChessBase"]
[SourceDate "2013.07.16"]
[SourceVersion "1"]
[SourceVersionDate "2013.07.16"]
[SourceQuality "1"]

1. e4 e5 2. Nf3 Nc6 3. Bb5 a6 4. Ba4 b5 5. Bb3 Nh6 6. 0-0 Bb7 7. c3 Na5 8. Bc2 Ng4 9. h3 Nf6 10. Nxe5 d6 11. Nf3 Nxe4 12. Re1 d5 13. d4 Nc4 14. b3 b4 15. bxc4 dxc4 16. Bxe4 Bxe4 17. Rxe4+ Be7 18. Qe2 0-0 19. Rxe7 Qd6 20. Bg5 bxc3 21. Nxc3 f6 22. Bh4 h6 23. Bg3 Qb6 24. Qxc4+ Kh7 25. Qxc7 Qb2 26. Rxg7+ Kh8 27. Rh7+ Kg8 28. Qg7# 1-0

[Event "OP-2012-0-02177"]
[Site "LSS email"]
[Date "2012.05.02"]
[Round "?"]
[White "Zarrouk, Roustan"]
[Black "Ederer, Karel"]
[Result "0-1"]
[WhiteElo "306"]
[BlackElo "2106"]
[PlyCount "32"]
[EventDate "2012.04.29"]
[EventType "tourn (corr)"]
[EventRounds "4"]
[EventCountry "GER"]
[SourceTitle "Corr 2015"]
[Source "ChessBase"]
[SourceDate "2015.07.17"]
[SourceVersion "1"]
[SourceVersionDate "2015.07.17"]
[SourceQuality "1"]

1. e4 e6 2. Nf3 d5 3. Bb5+ c6 4. Qe2 cxb5 5. Qxb5+ Bd7 6. Qxb7 Nc6 7. Qb3 dxe4 8. Ng1 Nd4 9. Qc3 Bb5 10. Na3 Bxa3 11. Qxa3 Nxc2+ 12. Kd1 Nxa3 13. bxa3 Qd3 14. Nf3 exf3 15. gxf3 Rc8 16. Bb2 Qe2# 0-1

[Event "RN-2012-0-00476"]
[Site "LSS email"]
[Date "2012.05.02"]
[Round "?"]
[White "Zarrouk, Roustan"]
[Black "Komaromi, Gabor"]
[Result "0-1"]
[WhiteElo "306"]
[BlackElo "1272"]
[PlyCount "54"]
[EventDate "2012.04.19"]
[EventType "tourn (corr)"]
[EventRounds "6"]
[EventCountry "GER"]
[SourceTitle "Telechess CBM 153"]
[Source "ChessBase"]
[SourceDate "2013.03.14"]
[SourceVersion "1"]
[SourceVersionDate "2013.03.14"]
[SourceQuality "1"]

1. e4 c6 2. Nc3 d5 3. d4 dxe4 4. Nxe4 Nf6 5. Bd3 Qxd4 6. Rb1 Nxe4 7. Be3 Qd6 8. Bxe4 Qb4+ 9. Qd2 Qxe4 10. Nf3 e5 11. Rg1 Bb4 12. c3 Qxb1+ 13. Ke2 Qxa2 14. Nxe5 Be7 15. Rc1 0-0 16. c4 Rd8 17. Qc3 Bf5 18. Rd1 Na6 19. Nxf7 Rxd1 20. Kxd1 Kxf7 21. Qe5 Rd8+ 22. Bd2 Qb1+ 23. Ke2 Qd3+ 24. Ke1 Qxd2+ 25. Kf1 Bd3+ 26. Qe2 Bxe2+ 27. Kg1 Qc1# 0-1

[Event "RN-2012-0-00476"]
[Site "LSS email"]
[Date "2012.05.02"]
[Round "?"]
[White "Zarrouk, Roustan"]
[Black "Popov, Misha"]
[Result "0-1"]
[WhiteElo "306"]
[BlackElo "966"]
[PlyCount "36"]
[EventDate "2012.04.19"]
[EventType "tourn (corr)"]
[EventRounds "6"]
[EventCountry "GER"]
[SourceTitle "Telechess CBM 153"]
[Source "ChessBase"]
[SourceDate "2013.03.14"]
[SourceVersion "1"]
[SourceVersionDate "2013.03.14"]
[SourceQuality "1"]

1. e4 e5 2. Nf3 Nf6 3. Bd3 Nc6 4. c3 d5 5. 0-0 dxe4 6. Bxe4 Nxe4 7. Re1 Nf6 8. d4 e4 9. a4 Be7 10. Ng5 Bf5 11. d5 Nxd5 12. Qh5 g6 13. Qh6 Bf8 14. Nxe4 Bxe4 15. Rxe4+ Nde7 16. Nd2 Bxh6 17. Nb3 Qd1+ 18. Re1 Qxe1# 0-1

[Event "ZN-2012-0-01887"]
[Site "LSS email"]
[Date "2012.03.17"]
[Round "?"]
[White "Piacentile, Carmine"]
[Black "Zarrouk, Roustan"]
[Result "1-0"]
[WhiteElo "1200"]
[BlackElo "321"]
[PlyCount "47"]
[EventDate "2012.03.13"]
[EventType "match (corr)"]
[EventRounds "2"]
[EventCountry "GER"]
[SourceTitle "Telechess CBM 157"]
[Source "ChessBase"]
[SourceDate "2013.11.12"]
[SourceVersion "1"]
[SourceVersionDate "2013.11.12"]
[SourceQuality "1"]

1. b3 e5 2. e4 Nc6 3. Nc3 Nf6 4. Nf3 Bb4 5. Bd3 0-0 6. 0-0 Re8 7. Bb2 d6 8. a3 Bc5 9. Na4 b6 10. b4 Bg4 11. bxc5 d5 12. Bb5 Qd7 13. exd5 Qxd5 14. c4 Qd7 15. Nxe5 Qf5 16. Nxg4 Nxg4 17. Bxc6 Rad8 18. Bxe8 Rxe8 19. Re1 Ne5 20. d4 Qd7 21. Rxe5 Qc8 22. Qe1 Qd7 23. Rxe8+ Qxe8 24. Qxe8# 1-0

[Event "RN-2012-0-00462"]
[Site "LSS email"]
[Date "2012.03.16"]
[Round "?"]
[White "Bortnicker, Justin"]
[Black "Zarrouk, Roustan"]
[Result "1-0"]
[WhiteElo "917"]
[BlackElo "306"]
[PlyCount "79"]
[EventDate "2012.03.06"]
[EventType "tourn (corr)"]
[EventRounds "6"]
[EventCountry "GER"]
[SourceTitle "Telechess CBM 153"]
[Source "ChessBase"]
[SourceDate "2013.03.14"]
[SourceVersion "1"]
[SourceVersionDate "2013.03.14"]
[SourceQuality "1"]

1. e4 e5 2. Nf3 Nc6 3. Bc4 Bc5 4. d3 Nf6 5. 0-0 0-0 6. Bb5 Ne7 7. Nxe5 d6 8. Nf3 Bg4 9. Bg5 c6 10. Bc4 Nh5 11. h3 d5 12. hxg4 f6 13. gxh5 fxg5 14. exd5 cxd5 15. Bb3 Qd6 16. Nxg5 Bd4 17. c3 Be5 18. Nf3 Rf5 19. Nxe5 Qxe5 20. Re1 Qf4 21. Qf3 Qxf3 22. gxf3 Rg5+ 23. Kf1 Rxh5 24. Rxe7 Rh1+ 25. Kg2 Rh5 26. Rxb7 Rd8 27. Nd2 a6 28. Re1 Rf8 29. Ree7 Rg5+ 30. Kf1 Rd8 31. Rbd7 Rxd7 32. Rxd7 Rh5 33. Bxd5+ Kf8 34. Rf7+ Ke8 35. c4 Rh1+ 36. Kg2 Ra1 37. c5 Rd1 38. c6 h5 39. c7 Rxd2 40. c8Q# 1-0

[Event "SN-2012-0-00426"]
[Site "LSS email"]
[Date "2012.03.16"]
[Round "?"]
[White "Zarrouk, Roustan"]
[Black "Lombardi, Donato"]
[Result "0-1"]
[WhiteElo "306"]
[BlackElo "863"]
[PlyCount "80"]
[EventDate "2012.02.18"]
[EventType "tourn (corr)"]
[EventRounds "6"]
[EventCountry "GER"]
[SourceTitle "Corr 2015"]
[Source "ChessBase"]
[SourceDate "2015.07.17"]
[SourceVersion "1"]
[SourceVersionDate "2015.07.17"]
[SourceQuality "1"]

1. e4 e6 2. Nf3 d5 3. Nc3 Nf6 4. Bb5+ c6 5. Ba4 a5 6. 0-0 b5 7. Bb3 a4 8. e5 Nfd7 9. a3 axb3 10. cxb3 Qc7 11. d4 Ba6 12. Re1 Be7 13. b4 0-0 14. Bg5 Bxg5 15. Ne2 Bh6 16. Qb3 g6 17. Rad1 Nb6 18. Qc3 Nc4 19. Ra1 Bg7 20. Rab1 Nd7 21. Nf4 Bb7 22. Ra1 Rfc8 23. a4 bxa4 24. Nd3 Re8 25. Nc5 Ba6 26. Rxa4 Bb5 27. Raa1 Rxa1 28. Rxa1 Nxc5 29. bxc5 Rb8 30. Ng5 Qe7 31. Qh3 Qxg5 32. Qa3 Nxa3 33. h3 Nc2 34. Ra6 Bxa6 35. g3 Rxb2 36. h4 Qg4 37. Kg2 Qe4+ 38. Kh3 Ne1 39. f4 Bf1+ 40. Kg4 Qf5# 0-1

[Event "SN-2012-0-00426"]
[Site "LSS email"]
[Date "2012.03.15"]
[Round "?"]
[White "Ducharme, Steven"]
[Black "Zarrouk, Roustan"]
[Result "1-0"]
[WhiteElo "921"]
[BlackElo "306"]
[PlyCount "47"]
[EventDate "2012.02.18"]
[EventType "tourn (corr)"]
[EventRounds "6"]
[EventCountry "GER"]
[SourceTitle "Corr 2015"]
[Source "ChessBase"]
[SourceDate "2015.07.17"]
[SourceVersion "1"]
[SourceVersionDate "2015.07.17"]
[SourceQuality "1"]

1. e4 e5 2. Nf3 Nc6 3. Bc4 Nh6 4. d4 Ng4 5. 0-0 Qf6 6. c3 Bd6 7. h3 Nh6 8. Bg5 Qg6 9. Qd2 exd4 10. cxd4 Ng8 11. e5 Nge7 12. exd6 0-0 13. dxe7 Nxe7 14. Bxe7 Re8 15. Bh4 Qc6 16. Na3 d6 17. d5 Qa4 18. Bb5 Qa5 19. Qxa5 Bd7 20. Bxd7 Red8 21. Qxc7 Rdc8 22. Bxc8 g6 23. Bf6 a5 24. Qd8# 1-0

[Event "RN-2012-0-00462"]
[Site "LSS email"]
[Date "2012.03.15"]
[Round "?"]
[White "Zarrouk, Roustan"]
[Black "Lombardi, Donato"]
[Result "0-1"]
[WhiteElo "306"]
[BlackElo "909"]
[PlyCount "90"]
[EventDate "2012.03.06"]
[EventType "tourn (corr)"]
[EventRounds "6"]
[EventCountry "GER"]
[SourceTitle "Telechess CBM 153"]
[Source "ChessBase"]
[SourceDate "2013.03.14"]
[SourceVersion "1"]
[SourceVersionDate "2013.03.14"]
[SourceQuality "1"]

1. e4 e6 2. Nf3 d5 3. d3 dxe4 4. Ne5 Bd6 5. Ng4 exd3 6. Qxd3 Nc6 7. Be2 Nf6 8. Bg5 Be7 9. Qxd8+ Bxd8 10. Ne3 0-0 11. 0-0 h6 12. Bf4 e5 13. Bg3 Be6 14. Nc3 Be7 15. Rad1 Nd4 16. Rfe1 Rad8 17. Nc4 Nxe2+ 18. Nxe2 Bxc4 19. Nc3 Bd6 20. a3 Rfe8 21. Ne4 Nxe4 22. Bh4 g5 23. Rxe4 gxh4 24. Rxc4 a6 25. Rxh4 Kh7 26. a4 e4 27. g4 Bxh2+ 28. Kxh2 Rxd1 29. g5 Re6 30. Kg3 Rg6 31. Kf4 Rxg5 32. Kxe4 Kg6 33. f4 Rg3 34. f5+ Kg7 35. Kf4 Rg2 36. Kf3 Rdd2 37. c4 Rxb2 38. Kf4 f6 39. Kf3 Rg5 40. Kf4 Rb4 41. Ke4 Rxc4+ 42. Kd3 Rxh4 43. Kc3 Rg3+ 44. Kb2 Rh2+ 45. Ka1 Rg1# 0-1

[Event "ZN-2012-0-01843"]
[Site "LSS email"]
[Date "2012.02.14"]
[Round "?"]
[White "Newton, Daryl"]
[Black "Zarrouk, Roustan"]
[Result "1-0"]
[WhiteElo "558"]
[BlackElo "321"]
[PlyCount "71"]
[EventDate "2012.02.10"]
[EventType "match (corr)"]
[EventRounds "2"]
[EventCountry "GER"]
[SourceTitle "Telechess CBM 157"]
[Source "ChessBase"]
[SourceDate "2013.11.12"]
[SourceVersion "1"]
[SourceVersionDate "2013.11.12"]
[SourceQuality "1"]

1. e4 e5 2. Nf3 Nc6 3. c3 d6 4. Bc4 Nf6 5. Ng5 Bg4 6. f3 Bh5 7. Qb3 Na5 8. Qb5+ Nd7 9. d4 c6 10. Qa4 Rc8 11. Be2 Be7 12. Bd2 Bxg5 13. b4 f6 14. bxa5 Bf7 15. 0-0 h5 16. f4 exf4 17. Bf3 0-0 18. c4 a6 19. Qb4 b6 20. Nc3 bxa5 21. Qxd6 Re8 22. Bxf4 Bxc4 23. Rfe1 Qb6 24. Ne2 Bh4 25. Reb1 Qc7 26. Qxc7 Kf8 27. Qxd7 Be6 28. Qd6+ Kg8 29. Bxh5 Rcd8 30. Qxc6 Rc8 31. Qxa6 Kh7 32. Qd3 g6 33. e5 fxe5 34. Qxg6+ Kh8 35. Bxe5+ Bf6 36. Bxf6# 1-0

[Event "ZN-2012-0-01843"]
[Site "LSS email"]
[Date "2012.02.14"]
[Round "?"]
[White "Zarrouk, Roustan"]
[Black "Newton, Daryl"]
[Result "0-1"]
[WhiteElo "321"]
[BlackElo "558"]
[PlyCount "66"]
[EventDate "2012.02.10"]
[EventType "match (corr)"]
[EventRounds "2"]
[EventCountry "GER"]
[SourceTitle "Telechess CBM 155"]
[Source "ChessBase"]
[SourceDate "2013.07.16"]
[SourceVersion "1"]
[SourceVersionDate "2013.07.16"]
[SourceQuality "1"]

1. e4 e5 2. Nf3 d5 3. d3 Nf6 4. Nc3 Be7 5. Be2 d4 6. Nxe5 Be6 7. Bf4 Bd6 8. Nc4 Bxf4 9. 0-0 h5 10. a4 h4 11. Nb5 c6 12. Nbd6+ Bxd6 13. e5 Bxc4 14. dxc4 Bxe5 15. Bd3 0-0 16. Re1 Bc7 17. c3 Qd6 18. Qc2 Qxh2+ 19. Kf1 Qh1+ 20. Ke2 Qxg2 21. cxd4 Ng4 22. Bh7+ Kh8 23. Be4 Qxf2+ 24. Kd1 Qxd4+ 25. Bd3 Nf2+ 26. Kd2 Bf4+ 27. Re3 Qxe3+ 28. Kc3 Be5+ 29. Kb4 Nxd3+ 30. Kb3 Ne1+ 31. Ka2 Nxc2 32. Rh1 Qd4 33. Rc1 Qxb2# 0-1

[Event "RN-2012-0-00450"]
[Site "LSS email"]
[Date "2012.02.13"]
[Round "?"]
[White "Zarrouk, Roustan"]
[Black "Nyeste, Gyula"]
[Result "0-1"]
[WhiteElo "321"]
[BlackElo "893"]
[PlyCount "54"]
[EventDate "2012.01.31"]
[EventType "tourn (corr)"]
[EventRounds "6"]
[EventCountry "GER"]
[SourceTitle "Telechess CBM 155"]
[Source "ChessBase"]
[SourceDate "2013.07.16"]
[SourceVersion "1"]
[SourceVersionDate "2013.07.16"]
[SourceQuality "1"]

1. e4 e5 2. Nf3 d6 3. Bb5+ c6 4. Ba4 Nf6 5. c3 Nxe4 6. d3 Nf6 7. 0-0 Qc7 8. Re1 Be7 9. Bg5 Bg4 10. Na3 0-0 11. Bb3 h6 12. Be3 d5 13. d4 e4 14. Nc2 exf3 15. gxf3 Bh5 16. Kf1 Qxh2 17. Ke2 Qg2 18. Kd3 Bxf3 19. Qb1 Qg6+ 20. Kd2 Ng4 21. c4 Bg5 22. Nb4 Bxe3+ 23. fxe3 Qg5 24. cxd5 cxd5 25. Nd3 Re8 26. Nc5 Nxe3 27. Rg1 Ng2+ 0-1

[Event "RN-2012-0-00450"]
[Site "LSS email"]
[Date "2012.02.11"]
[Round "?"]
[White "Zarrouk, Roustan"]
[Black "Bester, Kazimierz"]
[Result "0-1"]
[WhiteElo "321"]
[BlackElo "769"]
[PlyCount "38"]
[EventDate "2012.01.31"]
[EventType "tourn (corr)"]
[EventRounds "6"]
[EventCountry "GER"]
[SourceTitle "Telechess CBM 155"]
[Source "ChessBase"]
[SourceDate "2013.07.16"]
[SourceVersion "1"]
[SourceVersionDate "2013.07.16"]
[SourceQuality "1"]

1. e4 d5 2. Nc3 d4 3. Nce2 c5 4. d3 Nc6 5. Nf3 e5 6. c4 f6 7. Qa4 Bd7 8. Qc2 Nb4 9. Qb3 a5 10. Bd2 a4 11. Bxb4 axb3 12. Bxc5 Bxc5 13. Kd2 Rxa2 14. h3 Rxa1 15. Ng3 Qa5+ 16. Ke2 Qa2 17. Nxd4 Qxb2+ 18. Ke3 Qxd4+ 19. Kf3 Qxf2# 0-1

[Event "RN-2011-0-00439"]
[Site "LSS email"]
[Date "2012.01.10"]
[Round "?"]
[White "Zarrouk, Roustan"]
[Black "Cherry, Brian"]
[Result "0-1"]
[WhiteElo "800"]
[BlackElo "712"]
[PlyCount "52"]
[EventDate "2011.12.29"]
[EventType "tourn (corr)"]
[EventRounds "6"]
[EventCountry "GER"]
[SourceTitle "Telechess CBM 157"]
[Source "ChessBase"]
[SourceDate "2013.11.12"]
[SourceVersion "1"]
[SourceVersionDate "2013.11.12"]
[SourceQuality "1"]

1. e4 e5 2. Nf3 Nc6 3. Bb5 d6 4. 0-0 Bd7 5. d3 Nge7 6. c3 h6 7. d4 f6 8. Nbd2 a6 9. Nc4 axb5 10. Nxd6+ cxd6 11. Re1 f5 12. Nh4 Be6 13. Qh5+ g6 14. Nxg6 Nxg6 15. exf5 Rg8 16. fxg6 Kd7 17. Bxh6 Qf6 18. Bxf8 Raxf8 19. Qh7+ Rg7 20. Qh5 Rxg6 21. Qh7+ Rg7 22. Rad1 Rxh7 23. dxe5 Nxe5 24. Re3 Qxf2+ 25. Kh1 Qf1+ 26. Rxf1 Rxf1# 0-1